<?xml version="1.0" encoding="UTF-8"?>
<record
    xmlns:xsi="http://www.w3.org/2001/XMLSchema-instance"
    xsi:schemaLocation="http://www.loc.gov/MARC21/slim http://www.loc.gov/standards/marcxml/schema/MARC21slim.xsd"
    xmlns="http://www.loc.gov/MARC21/slim">

  <leader>00819nam a2200253 a 4500</leader>
  <controlfield tag="001">25588</controlfield>
  <controlfield tag="003">CO-ViMGA</controlfield>
  <controlfield tag="008">141112s2004    ck      r     000 u spa d</controlfield>
  <datafield tag="020" ind1=" " ind2=" ">
    <subfield code="a">9789582010300</subfield>
  </datafield>
  <datafield tag="040" ind1=" " ind2=" ">
    <subfield code="a">CO-ViMGA</subfield>
    <subfield code="b">spa</subfield>
    <subfield code="c">CO-ViMGA</subfield>
  </datafield>
  <datafield tag="041" ind1=" " ind2=" ">
    <subfield code="a">SPA</subfield>
  </datafield>
  <datafield tag="082" ind1="0" ind2="4">
    <subfield code="a">128 S11</subfield>
  </datafield>
  <datafield tag="245" ind1="1" ind2="0">
    <subfield code="a">Sabidur&#xED;a breve : </subfield>
    <subfield code="b">el arte de vivir en pocas palabras / </subfield>
    <subfield code="c">Rodrigo Arg&#xFC;ello G.</subfield>
  </datafield>
  <datafield tag="250" ind1=" " ind2=" ">
    <subfield code="a">1a ed.</subfield>
  </datafield>
  <datafield tag="260" ind1=" " ind2=" ">
    <subfield code="a">Bogot&#xE1; : </subfield>
    <subfield code="b">Magisterio, </subfield>
    <subfield code="c">2010</subfield>
  </datafield>
  <datafield tag="300" ind1=" " ind2=" ">
    <subfield code="a">62 p.</subfield>
  </datafield>
  <datafield tag="490" ind1=" " ind2=" ">
    <subfield code="a">Sabidur&#xED;a Breve</subfield>
  </datafield>
  <datafield tag="650" ind1="1" ind2="4">
    <subfield code="a">CALIDAD DE VIDA - ASPECTOS FILOSOFICOS - CITAS, MAXIMAS, ETC. </subfield>
    <subfield code="9">39152</subfield>
  </datafield>
  <datafield tag="650" ind1="1" ind2="4">
    <subfield code="a">CONDUCTA (&#xE9;tica) - CITAS, MAXIMAS, ETC. </subfield>
    <subfield code="9">39153</subfield>
  </datafield>
  <datafield tag="650" ind1="1" ind2="4">
    <subfield code="a">VALORES (FILOSOF&#xCD;A) - CITAS, MAXIMAS, ETC.</subfield>
    <subfield code="9">39154</subfield>
  </datafield>
  <datafield tag="650" ind1="1" ind2="4">
    <subfield code="a">VIDA - CITAS, MAXIMAS, ETC. </subfield>
    <subfield code="9">39155</subfield>
  </datafield>
  <datafield tag="700" ind1="1" ind2=" ">
    <subfield code="a">Arguello G., Rodrigo</subfield>
    <subfield code="9">39156</subfield>
  </datafield>
  <datafield tag="942" ind1=" " ind2=" ">
    <subfield code="2">ddc</subfield>
    <subfield code="c">BK</subfield>
  </datafield>
  <datafield tag="999" ind1=" " ind2=" ">
    <subfield code="c">5162</subfield>
    <subfield code="d">5162</subfield>
  </datafield>
  <datafield tag="952" ind1=" " ind2=" ">
    <subfield code="0">0</subfield>
    <subfield code="1">0</subfield>
    <subfield code="2">ddc</subfield>
    <subfield code="4">0</subfield>
    <subfield code="7">0</subfield>
    <subfield code="8">GEN</subfield>
    <subfield code="a">MEPRICO</subfield>
    <subfield code="b">MEPRICO</subfield>
    <subfield code="c">GEN</subfield>
    <subfield code="d">2022-12-02</subfield>
    <subfield code="o">128 S11	</subfield>
    <subfield code="p">PR00000039</subfield>
    <subfield code="r">2022-12-02 00:00:00</subfield>
    <subfield code="t">S.11</subfield>
    <subfield code="w">2022-12-02</subfield>
    <subfield code="y">BK</subfield>
  </datafield>
  <datafield tag="952" ind1=" " ind2=" ">
    <subfield code="0">0</subfield>
    <subfield code="1">0</subfield>
    <subfield code="2">ddc</subfield>
    <subfield code="4">0</subfield>
    <subfield code="7">0</subfield>
    <subfield code="8">GEN</subfield>
    <subfield code="a">MEDORADO</subfield>
    <subfield code="b">MEDORADO</subfield>
    <subfield code="c">GEN</subfield>
    <subfield code="d">2022-12-09</subfield>
    <subfield code="l">0</subfield>
    <subfield code="o">128 S11</subfield>
    <subfield code="p">DOR00104</subfield>
    <subfield code="r">2022-12-09 00:00:00</subfield>
    <subfield code="t">Ej.1</subfield>
    <subfield code="w">2022-12-09</subfield>
    <subfield code="y">BK</subfield>
  </datafield>
  <datafield tag="952" ind1=" " ind2=" ">
    <subfield code="0">0</subfield>
    <subfield code="1">0</subfield>
    <subfield code="2">ddc</subfield>
    <subfield code="4">0</subfield>
    <subfield code="7">0</subfield>
    <subfield code="8">GEN</subfield>
    <subfield code="a">MEGUAMAL</subfield>
    <subfield code="b">MEGUAMAL</subfield>
    <subfield code="c">GEN</subfield>
    <subfield code="d">2023-03-07</subfield>
    <subfield code="l">0</subfield>
    <subfield code="o">128 S11</subfield>
    <subfield code="p">GUA001997</subfield>
    <subfield code="r">2023-03-07 00:00:00</subfield>
    <subfield code="t">Ej.1</subfield>
    <subfield code="w">2023-03-07</subfield>
    <subfield code="y">BK</subfield>
  </datafield>
  <datafield tag="952" ind1=" " ind2=" ">
    <subfield code="0">0</subfield>
    <subfield code="1">0</subfield>
    <subfield code="2">ddc</subfield>
    <subfield code="4">0</subfield>
    <subfield code="7">0</subfield>
    <subfield code="8">GEN</subfield>
    <subfield code="a">MEACACIA</subfield>
    <subfield code="b">MEACACIA</subfield>
    <subfield code="c">GEN</subfield>
    <subfield code="d">2023-03-09</subfield>
    <subfield code="l">0</subfield>
    <subfield code="o">128 S11</subfield>
    <subfield code="p">9789582010300</subfield>
    <subfield code="r">2023-03-09 00:00:00</subfield>
    <subfield code="t">Ej.1</subfield>
    <subfield code="w">2023-03-09</subfield>
    <subfield code="y">BK</subfield>
  </datafield>
  <datafield tag="952" ind1=" " ind2=" ">
    <subfield code="0">0</subfield>
    <subfield code="1">0</subfield>
    <subfield code="2">ddc</subfield>
    <subfield code="4">0</subfield>
    <subfield code="7">0</subfield>
    <subfield code="8">GEN</subfield>
    <subfield code="a">MEACACIA</subfield>
    <subfield code="b">MEACACIA</subfield>
    <subfield code="c">GEN</subfield>
    <subfield code="d">2023-03-09</subfield>
    <subfield code="l">0</subfield>
    <subfield code="o">128 S11</subfield>
    <subfield code="p">97895820103002</subfield>
    <subfield code="r">2023-03-09 00:00:00</subfield>
    <subfield code="t">Ej.2</subfield>
    <subfield code="w">2023-03-09</subfield>
    <subfield code="y">BK</subfield>
  </datafield>
  <datafield tag="952" ind1=" " ind2=" ">
    <subfield code="0">0</subfield>
    <subfield code="1">0</subfield>
    <subfield code="2">ddc</subfield>
    <subfield code="4">0</subfield>
    <subfield code="7">0</subfield>
    <subfield code="8">GEN</subfield>
    <subfield code="a">MEMAPIRI</subfield>
    <subfield code="b">MEMAPIRI</subfield>
    <subfield code="c">GEN</subfield>
    <subfield code="d">2023-03-17</subfield>
    <subfield code="l">0</subfield>
    <subfield code="o">128</subfield>
    <subfield code="p">MAP000093</subfield>
    <subfield code="r">2023-03-17 00:00:00</subfield>
    <subfield code="t">Ej.1</subfield>
    <subfield code="w">2023-03-17</subfield>
    <subfield code="y">BK</subfield>
  </datafield>
  <datafield tag="952" ind1=" " ind2=" ">
    <subfield code="0">0</subfield>
    <subfield code="1">0</subfield>
    <subfield code="2">ddc</subfield>
    <subfield code="4">0</subfield>
    <subfield code="7">0</subfield>
    <subfield code="8">GEN</subfield>
    <subfield code="a">MESMARTI</subfield>
    <subfield code="b">MESMARTI</subfield>
    <subfield code="c">GEN</subfield>
    <subfield code="d">2023-03-23</subfield>
    <subfield code="l">0</subfield>
    <subfield code="o">128 S11</subfield>
    <subfield code="p">SM00875</subfield>
    <subfield code="r">2023-03-23 00:00:00</subfield>
    <subfield code="t">Ej.1</subfield>
    <subfield code="w">2023-03-23</subfield>
    <subfield code="y">BK</subfield>
  </datafield>
  <datafield tag="952" ind1=" " ind2=" ">
    <subfield code="0">0</subfield>
    <subfield code="1">0</subfield>
    <subfield code="2">ddc</subfield>
    <subfield code="4">0</subfield>
    <subfield code="7">0</subfield>
    <subfield code="8">GEN</subfield>
    <subfield code="a">MEFTEORO</subfield>
    <subfield code="b">MEFTEORO</subfield>
    <subfield code="c">GEN</subfield>
    <subfield code="d">2023-04-20</subfield>
    <subfield code="l">0</subfield>
    <subfield code="o">128   S11</subfield>
    <subfield code="p">Fo00060</subfield>
    <subfield code="r">2023-04-20 00:00:00</subfield>
    <subfield code="t">Ej.1</subfield>
    <subfield code="w">2023-04-20</subfield>
    <subfield code="y">BK</subfield>
  </datafield>
  <datafield tag="952" ind1=" " ind2=" ">
    <subfield code="0">0</subfield>
    <subfield code="1">0</subfield>
    <subfield code="2">ddc</subfield>
    <subfield code="4">0</subfield>
    <subfield code="7">0</subfield>
    <subfield code="a">MEACACIA</subfield>
    <subfield code="b">MEACACIA</subfield>
    <subfield code="c">GEN</subfield>
    <subfield code="d">2023-05-09</subfield>
    <subfield code="l">0</subfield>
    <subfield code="o">128S11</subfield>
    <subfield code="p">ACA01508</subfield>
    <subfield code="r">2023-05-09 00:00:00</subfield>
    <subfield code="t">Ej.1</subfield>
    <subfield code="w">2023-05-09</subfield>
    <subfield code="y">BK</subfield>
  </datafield>
  <datafield tag="952" ind1=" " ind2=" ">
    <subfield code="0">0</subfield>
    <subfield code="1">0</subfield>
    <subfield code="2">ddc</subfield>
    <subfield code="4">0</subfield>
    <subfield code="7">0</subfield>
    <subfield code="a">MEACACIA</subfield>
    <subfield code="b">MEACACIA</subfield>
    <subfield code="c">GEN</subfield>
    <subfield code="d">2023-05-09</subfield>
    <subfield code="l">0</subfield>
    <subfield code="o">128 S11</subfield>
    <subfield code="p">ACA01509</subfield>
    <subfield code="r">2023-05-09 00:00:00</subfield>
    <subfield code="t">Ej.2</subfield>
    <subfield code="w">2023-05-09</subfield>
    <subfield code="y">BK</subfield>
  </datafield>
  <datafield tag="952" ind1=" " ind2=" ">
    <subfield code="0">0</subfield>
    <subfield code="1">0</subfield>
    <subfield code="2">ddc</subfield>
    <subfield code="4">0</subfield>
    <subfield code="7">0</subfield>
    <subfield code="8">GEN</subfield>
    <subfield code="a">MESARAMA</subfield>
    <subfield code="b">MESARAMA</subfield>
    <subfield code="c">GEN</subfield>
    <subfield code="d">2023-06-07</subfield>
    <subfield code="l">0</subfield>
    <subfield code="o">128 S11</subfield>
    <subfield code="p">SJA00212</subfield>
    <subfield code="r">2023-06-07 00:00:00</subfield>
    <subfield code="t">Ej.1</subfield>
    <subfield code="w">2023-06-07</subfield>
    <subfield code="y">BK</subfield>
  </datafield>
  <datafield tag="952" ind1=" " ind2=" ">
    <subfield code="0">0</subfield>
    <subfield code="1">0</subfield>
    <subfield code="2">ddc</subfield>
    <subfield code="4">0</subfield>
    <subfield code="7">0</subfield>
    <subfield code="8">GEN</subfield>
    <subfield code="a">MESARAMA</subfield>
    <subfield code="b">MESARAMA</subfield>
    <subfield code="c">GEN</subfield>
    <subfield code="d">2023-06-07</subfield>
    <subfield code="l">0</subfield>
    <subfield code="o">128 S11</subfield>
    <subfield code="p">SJA00215</subfield>
    <subfield code="r">2023-06-07 00:00:00</subfield>
    <subfield code="t">Ej.2</subfield>
    <subfield code="w">2023-06-07</subfield>
    <subfield code="y">BK</subfield>
  </datafield>
  <datafield tag="952" ind1=" " ind2=" ">
    <subfield code="0">0</subfield>
    <subfield code="1">0</subfield>
    <subfield code="2">ddc</subfield>
    <subfield code="4">0</subfield>
    <subfield code="7">0</subfield>
    <subfield code="8">GEN</subfield>
    <subfield code="a">MEVHERMO</subfield>
    <subfield code="b">MEVHERMO</subfield>
    <subfield code="c">GEN</subfield>
    <subfield code="d">2023-06-13</subfield>
    <subfield code="l">0</subfield>
    <subfield code="o">128 S11</subfield>
    <subfield code="p">VIS00063</subfield>
    <subfield code="r">2023-06-13 00:00:00</subfield>
    <subfield code="t">Ej.1</subfield>
    <subfield code="w">2023-06-13</subfield>
    <subfield code="y">BK</subfield>
  </datafield>
  <datafield tag="952" ind1=" " ind2=" ">
    <subfield code="0">0</subfield>
    <subfield code="1">0</subfield>
    <subfield code="2">ddc</subfield>
    <subfield code="4">0</subfield>
    <subfield code="7">0</subfield>
    <subfield code="8">GEN</subfield>
    <subfield code="a">MEMACARE</subfield>
    <subfield code="b">MEMACARE</subfield>
    <subfield code="c">GEN</subfield>
    <subfield code="d">2023-07-12</subfield>
    <subfield code="l">0</subfield>
    <subfield code="o">128  S11</subfield>
    <subfield code="p">LM00030</subfield>
    <subfield code="r">2023-07-12 00:00:00</subfield>
    <subfield code="t">Ej.1</subfield>
    <subfield code="w">2023-07-12</subfield>
    <subfield code="y">BK</subfield>
  </datafield>
  <datafield tag="952" ind1=" " ind2=" ">
    <subfield code="0">0</subfield>
    <subfield code="1">0</subfield>
    <subfield code="2">ddc</subfield>
    <subfield code="4">0</subfield>
    <subfield code="7">0</subfield>
    <subfield code="8">GEN</subfield>
    <subfield code="a">MECUBARR</subfield>
    <subfield code="b">MECUBARR</subfield>
    <subfield code="c">GEN</subfield>
    <subfield code="d">2023-08-03</subfield>
    <subfield code="l">0</subfield>
    <subfield code="o">128 S11</subfield>
    <subfield code="p">CUB02060</subfield>
    <subfield code="r">2023-08-03 15:21:22</subfield>
    <subfield code="t">Ej.1</subfield>
    <subfield code="w">2023-08-03</subfield>
    <subfield code="y">BK</subfield>
  </datafield>
  <datafield tag="952" ind1=" " ind2=" ">
    <subfield code="0">0</subfield>
    <subfield code="1">0</subfield>
    <subfield code="2">ddc</subfield>
    <subfield code="4">0</subfield>
    <subfield code="7">0</subfield>
    <subfield code="8">001</subfield>
    <subfield code="a">MEVIGACOM</subfield>
    <subfield code="b">MEVIGACOM</subfield>
    <subfield code="d">2015-12-04</subfield>
    <subfield code="h">28/ago/2014</subfield>
    <subfield code="l">0</subfield>
    <subfield code="o">128 S11 </subfield>
    <subfield code="p">26878</subfield>
    <subfield code="r">2015-12-04 00:00:00</subfield>
    <subfield code="t">Ej. 2</subfield>
    <subfield code="w">2015-12-04</subfield>
    <subfield code="y">BK</subfield>
  </datafield>
  <datafield tag="952" ind1=" " ind2=" ">
    <subfield code="0">0</subfield>
    <subfield code="1">0</subfield>
    <subfield code="2">ddc</subfield>
    <subfield code="4">0</subfield>
    <subfield code="7">0</subfield>
    <subfield code="8">003</subfield>
    <subfield code="a">MEVIECAR</subfield>
    <subfield code="b">MEVIECAR</subfield>
    <subfield code="d">2015-12-04</subfield>
    <subfield code="h">10/jul/2014</subfield>
    <subfield code="l">0</subfield>
    <subfield code="o">128 S11 </subfield>
    <subfield code="p">26822</subfield>
    <subfield code="r">2015-12-04 00:00:00</subfield>
    <subfield code="t">Ej. 1</subfield>
    <subfield code="w">2015-12-04</subfield>
    <subfield code="y">BK</subfield>
  </datafield>
  <datafield tag="952" ind1=" " ind2=" ">
    <subfield code="0">0</subfield>
    <subfield code="1">0</subfield>
    <subfield code="2">ddc</subfield>
    <subfield code="4">0</subfield>
    <subfield code="7">0</subfield>
    <subfield code="8">GEN</subfield>
    <subfield code="a">MEBAUPIA</subfield>
    <subfield code="b">MEBAUPIA</subfield>
    <subfield code="c">GEN</subfield>
    <subfield code="d">2023-10-11</subfield>
    <subfield code="l">0</subfield>
    <subfield code="o">128 S11</subfield>
    <subfield code="p">BUP01061</subfield>
    <subfield code="r">2023-10-11 21:34:41</subfield>
    <subfield code="t">Ej.1</subfield>
    <subfield code="w">2023-10-11</subfield>
    <subfield code="y">BK</subfield>
  </datafield>
  <datafield tag="952" ind1=" " ind2=" ">
    <subfield code="0">0</subfield>
    <subfield code="1">0</subfield>
    <subfield code="4">0</subfield>
    <subfield code="7">0</subfield>
    <subfield code="8">001</subfield>
    <subfield code="a">MEVIGERR</subfield>
    <subfield code="b">MEVIGERR</subfield>
    <subfield code="c">GEN</subfield>
    <subfield code="d">2014-09-22</subfield>
    <subfield code="o">128 S11</subfield>
    <subfield code="p">ECA23029</subfield>
    <subfield code="r">2024-11-26 09:50:40</subfield>
    <subfield code="t">Ej.1</subfield>
    <subfield code="w">2024-11-26</subfield>
    <subfield code="y">BK</subfield>
    <subfield code="z">17117 | 22019</subfield>
  </datafield>
  <datafield tag="952" ind1=" " ind2=" ">
    <subfield code="0">0</subfield>
    <subfield code="1">0</subfield>
    <subfield code="4">0</subfield>
    <subfield code="7">0</subfield>
    <subfield code="8">001</subfield>
    <subfield code="a">MEVIGERR</subfield>
    <subfield code="b">MEVIGERR</subfield>
    <subfield code="c">GEN</subfield>
    <subfield code="d">2014-09-23</subfield>
    <subfield code="o">128 S11</subfield>
    <subfield code="p">ECA23081</subfield>
    <subfield code="r">2024-11-26 09:50:40</subfield>
    <subfield code="t">Ej.1</subfield>
    <subfield code="w">2024-11-26</subfield>
    <subfield code="y">BK</subfield>
    <subfield code="z">17129 | 22031</subfield>
  </datafield>
  <datafield tag="952" ind1=" " ind2=" ">
    <subfield code="0">0</subfield>
    <subfield code="1">0</subfield>
    <subfield code="2">ddc</subfield>
    <subfield code="4">0</subfield>
    <subfield code="7">0</subfield>
    <subfield code="8">GEN</subfield>
    <subfield code="a">MESGUARO</subfield>
    <subfield code="b">MESGUARO</subfield>
    <subfield code="c">GEN</subfield>
    <subfield code="d">2025-03-03</subfield>
    <subfield code="l">0</subfield>
    <subfield code="o">128 S11</subfield>
    <subfield code="p">SG02520</subfield>
    <subfield code="r">2025-03-03 15:26:18</subfield>
    <subfield code="t">Ej.1</subfield>
    <subfield code="w">2025-03-03</subfield>
    <subfield code="y">BK</subfield>
  </datafield>
  <datafield tag="952" ind1=" " ind2=" ">
    <subfield code="0">0</subfield>
    <subfield code="1">0</subfield>
    <subfield code="2">ddc</subfield>
    <subfield code="4">0</subfield>
    <subfield code="7">0</subfield>
    <subfield code="8">GEN</subfield>
    <subfield code="a">MEPLOPEZ</subfield>
    <subfield code="b">MEPLOPEZ</subfield>
    <subfield code="c">GEN</subfield>
    <subfield code="d">2025-04-01</subfield>
    <subfield code="l">0</subfield>
    <subfield code="o">128 S11</subfield>
    <subfield code="p">PLZ00099</subfield>
    <subfield code="r">2025-04-01 15:33:49</subfield>
    <subfield code="t">Ej.1</subfield>
    <subfield code="w">2025-04-01</subfield>
    <subfield code="y">BK</subfield>
  </datafield>
  <datafield tag="952" ind1=" " ind2=" ">
    <subfield code="0">0</subfield>
    <subfield code="1">0</subfield>
    <subfield code="2">ddc</subfield>
    <subfield code="4">0</subfield>
    <subfield code="7">0</subfield>
    <subfield code="8">GEN</subfield>
    <subfield code="a">MEPLOPEZ</subfield>
    <subfield code="b">MEPLOPEZ</subfield>
    <subfield code="c">GEN</subfield>
    <subfield code="d">2025-05-12</subfield>
    <subfield code="l">0</subfield>
    <subfield code="o">128 S11</subfield>
    <subfield code="p">PLZ00522</subfield>
    <subfield code="r">2025-05-12 14:30:00</subfield>
    <subfield code="t">Ej.2</subfield>
    <subfield code="w">2025-05-12</subfield>
    <subfield code="y">BK</subfield>
  </datafield>
  <datafield tag="952" ind1=" " ind2=" ">
    <subfield code="0">0</subfield>
    <subfield code="1">0</subfield>
    <subfield code="2">ddc</subfield>
    <subfield code="4">0</subfield>
    <subfield code="7">0</subfield>
    <subfield code="8">GEN</subfield>
    <subfield code="a">MERESTRE</subfield>
    <subfield code="b">MERESTRE</subfield>
    <subfield code="c">GEN</subfield>
    <subfield code="d">2025-05-21</subfield>
    <subfield code="l">0</subfield>
    <subfield code="o">128 S11</subfield>
    <subfield code="p">RES00087</subfield>
    <subfield code="r">2025-05-21 16:33:59</subfield>
    <subfield code="t">Ej.1</subfield>
    <subfield code="w">2025-05-21</subfield>
    <subfield code="y">BK</subfield>
  </datafield>
  <datafield tag="952" ind1=" " ind2=" ">
    <subfield code="0">0</subfield>
    <subfield code="1">0</subfield>
    <subfield code="2">ddc</subfield>
    <subfield code="4">0</subfield>
    <subfield code="7">0</subfield>
    <subfield code="8">GEN</subfield>
    <subfield code="a">MECABUYA</subfield>
    <subfield code="b">MECABUYA</subfield>
    <subfield code="c">GEN</subfield>
    <subfield code="d">2025-07-24</subfield>
    <subfield code="l">0</subfield>
    <subfield code="o">128 S11</subfield>
    <subfield code="p">CAB001211</subfield>
    <subfield code="r">2025-07-24 15:50:03</subfield>
    <subfield code="t">Ej.1</subfield>
    <subfield code="w">2025-07-24</subfield>
    <subfield code="y">BK</subfield>
  </datafield>
  <datafield tag="952" ind1=" " ind2=" ">
    <subfield code="0">0</subfield>
    <subfield code="1">0</subfield>
    <subfield code="2">ddc</subfield>
    <subfield code="4">0</subfield>
    <subfield code="7">0</subfield>
    <subfield code="8">GEN</subfield>
    <subfield code="a">MECUMARA</subfield>
    <subfield code="b">MECUMARA</subfield>
    <subfield code="c">GEN</subfield>
    <subfield code="d">2025-08-29</subfield>
    <subfield code="l">0</subfield>
    <subfield code="o">128 S11</subfield>
    <subfield code="p">CUM00443</subfield>
    <subfield code="r">2025-08-29 20:33:50</subfield>
    <subfield code="t">Ej.1</subfield>
    <subfield code="w">2025-08-29</subfield>
    <subfield code="y">BK</subfield>
  </datafield>
  <datafield tag="952" ind1=" " ind2=" ">
    <subfield code="0">0</subfield>
    <subfield code="1">0</subfield>
    <subfield code="2">lcc</subfield>
    <subfield code="4">0</subfield>
    <subfield code="7">0</subfield>
    <subfield code="8">GEN</subfield>
    <subfield code="a">MEPCONCO</subfield>
    <subfield code="b">MEPCONCO</subfield>
    <subfield code="c">GEN</subfield>
    <subfield code="d">2026-01-27</subfield>
    <subfield code="l">0</subfield>
    <subfield code="o">128 S11</subfield>
    <subfield code="p">PCON00403</subfield>
    <subfield code="r">2026-01-27 16:05:37</subfield>
    <subfield code="t">Ej.1</subfield>
    <subfield code="w">2026-01-27</subfield>
    <subfield code="y">BK</subfield>
  </datafield>
</record>
